Podobne flagi #2 - Statystyki

Ogólne statystyki
  • Ten quiz został rozwiązany 33 razy
  • Średni wynik to 15 z 16
Statystyki odpowiedzi
Obrazkowy Odpowiedź % Poprawnych
Austria
100%
Holandia
100%
Kanada
100%
Łotwa
100%
Luksemburg
100%
Słowacja
100%
Słowenia
100%
Mołdawia
97%
Egipt
94%
Ekwador
94%
Kolumbia
94%
Peru
94%
Andora
91%
Kostaryka
88%
Tajlandia
84%
Jemen
72%
Nie znaleziono quizów pasujących do podanych kryteriów
Rozkład punktacji
Procent ludzi z każdym wynikiem
Percentyl według liczby udzielonych odpowiedzi
Twoja historia wyników
Nie rozwiązałeś tego quizu